Elusive miracle: Latin America in the 1990's (Record no. 41091)

MARC details
000 -LEADER
fixed length control field 00383nam a2200121Ia 4500
082 ## - DEWEY DECIMAL CLASSIFICATION NUMBER
Classification number 339
Item number GOM
100 ## - MAIN ENTRY--AUTHOR NAME
Personal name Gomez Buendia, Hernando
245 #0 - TITLE STATEMENT
Title Elusive miracle: Latin America in the 1990's
260 ## - PUBLICATION, DISTRIBUTION, ETC. (IMPRINT)
Place of publication Finland
Name of publisher UNU World Institute for Development Economics Research
Year of publication 1996
490 ## - SERIES STATEMENT
Series statement World development studies 9
942 ## - ADDED ENTRY ELEMENTS (KOHA)
Koha item type Books
Holdings
Withdrawn status Lost status Damaged status Not for loan Home library Current library Date acquired Full call number Accession Number Koha item type
        RRII Library RRII Library 16/12/2021 339 GOM 21383 Books